| 000 | 00579nam a22001937a 4500 | ||
|---|---|---|---|
| 999 |
_c14694 _d14694 |
||
| 003 | MIRAKIL | ||
| 005 | 20211216164943.0 | ||
| 008 | 211216b tu ||||| |||| 00| 0 tur d | ||
| 040 |
_aTR-AnCHP _cTR-AnCHP |
||
| 041 | _atur | ||
| 082 |
_a323.2 _bG26f 1966 |
||
| 100 | _aGaran, Mahmut | ||
| 245 | 1 | 0 |
_aFransız ihtilâli / _cyazan : Mahmut Garan |
| 260 |
_aİstanbul : _bKitapçılık Ticaret Limited Şirketi Yayınları, _c1966. |
||
| 300 |
_a127 s.: _c19 sm. |
||
| 650 | 0 |
_96888 _aFransız ihtilali _y1789-1799 |
|
| 651 | 0 |
_95516 _aFransa _xDevrimler _yTarih |
|
| 942 |
_2ddc _cBKS |
||